Jakiego kraju jest ta stolica? - Statystyki

Ogólne statystyki
  • Ten quiz został rozwiązany 31 razy
  • Średni wynik to 9 z 13
Statystyki odpowiedzi
Stolica Państwo % Poprawnych
Buenos Aires Argentyna
100%
Ottawa Kanada
100%
Pyongyang Korea Północna
100%
Moskwa Rosja
100%
Podgorica Czarnogóra
93%
Hawana Kuba
90%
Vaduz Liechtenstein
83%
Wellington Nowa Zelandia
66%
Katmandu Nepal
55%
Asuncion Paragwaj
41%
Akra Ghana
21%
Port Moresby Papua-Nowa Gwinea
17%
Dżuba Sudan Południowy
14%
Nie znaleziono quizów pasujących do podanych kryteriów
Rozkład punktacji
Procent ludzi z każdym wynikiem
Percentyl według liczby udzielonych odpowiedzi
Twoja historia wyników
Nie rozwiązałeś tego quizu